|
|
|
|
| LEADER |
00000nam0a2200000 4500 |
| 001 |
232848 |
| 005 |
20231101231213.0 |
| 010 |
|
|
|a 9785941782352
|
| 035 |
|
|
|a (RuTPU)RU\TPU\book\253905
|
| 090 |
|
|
|a 232848
|
| 100 |
|
|
|a 20130220d2013 k y0rusy50 ca
|
| 101 |
0 |
|
|a rus
|
| 102 |
|
|
|a RU
|
| 105 |
|
|
|a a z 001zy
|
| 200 |
1 |
|
|a Основы квалиметрии технологических процессов механической обработки
|e монография
|f В. Н. Тилипалов
|
| 210 |
|
|
|a Старый Оскол
|c ТНТ
|d 2013
|
| 215 |
|
|
|a 238 с.
|c ил.
|
| 320 |
|
|
|a Библиогр.: с. 231-235.
|
| 330 |
|
|
|a В монографии рассмотрены проблемы создания специального автоматизированного оборудования (САО), используемого в массовом и крупносерийном производстве в ряде отраслей промышленности. Оптимизация технологических процессов механообработки деталей на САО значительно сложнее аналогичных процедур при обработке деталей на станках, выпускаемых серийно, поскольку в момент разработки технологии указанного САО не только нет, но и его проектирование даже не начато. Однако для выбора оптимальной технологии нужны технико-экономические параметры исполь зуемого в этой технологии оборудования. На базе теории квалиметрии автором впервые предпринята попытка оценить качество структуры проектируемых процессов обработки деталей на САО, что позволяет осуществить их параметрическую оптимизацию. Для научных работников, инженеров, занимающихся автоматизацией в различных сферах производства, а также для студентов ряда специальностей технических вузов.
|
| 606 |
1 |
|
|a Механическая обработка
|x Технология
|2 stltpush
|3 (RuTPU)RU\TPU\subj\43590
|9 63073
|
| 610 |
1 |
|
|a механообработка
|
| 610 |
1 |
|
|a технологические процессы
|
| 610 |
1 |
|
|a квалиметрия
|
| 610 |
1 |
|
|a автоматизированное оборудование
|
| 610 |
1 |
|
|a технико-экономические модели
|
| 610 |
1 |
|
|a малогабаритные детали
|
| 610 |
1 |
|
|a маршрутная технология
|
| 610 |
1 |
|
|a автоматизированное проектирование
|
| 675 |
|
|
|a 621.91
|v 3
|
| 700 |
|
1 |
|a Тилипалов
|b В. Н.
|g Владимир Николаевич
|
| 801 |
|
1 |
|a RU
|b 63413507
|c 20130220
|
| 801 |
|
2 |
|a RU
|b 63413507
|c 20150618
|g RCR
|
| 900 |
|
|
|a Квалиметрия и управление качеством
|
| 942 |
|
|
|c BK
|
| 959 |
|
|
|a 42/20130220
|d 2
|e 350,00
|f ЧЗТЛ:1
|f АНЛ:1
|